Diary of a Wimpy Kid ( Old School ) (Record no. 12057)

MARC details
000 -LEADER
fixed length control field 00271nam a22000977a 4500
008 - FIXED-LENGTH DATA ELEMENTS--GENERAL INFORMATION
fixed length control field 221006b |||||||| |||| 00| 0 eng d
020 ## - INTERNATIONAL STANDARD BOOK NUMBER
International Standard Book Number 9780241342770
100 ## - MAIN ENTRY--PERSONAL NAME
Personal name Kinney Jeff
9 (RLIN) 7570
245 ## - TITLE STATEMENT
Title Diary of a Wimpy Kid ( Old School )
260 ## - PUBLICATION, DISTRIBUTION, ETC. (IMPRINT)
Place of publication, distribution, etc. UK
Name of publisher, distributor, etc. Penguin Random House
Date of publication, distribution, etc. 2018
Holdings
Withdrawn status Lost status Source of classification or shelving scheme Damaged status Koha normalized classification for sorting Not for loan Home library Current library Shelving location Date acquired Total Checkouts Full call number Barcode Date last seen Date last checked out Price effective from Koha item type
    Dewey Decimal Classification   KIN_813_600000000000000   Good Samaritan School Library Good Samaritan School Library FICTION 10/06/2022 12 KIN813.6 KIN17290 07/28/2025 07/25/2025 10/06/2022 BOOK

Powered by Koha